Načítá se...

Technical section

Podrobná bibliografie
Hlavní autoři: Meenakshy Raman, Sangeetha Sharma
Médium: Printed Book
Vydáno: New Delhi OUP 2010
Témata:
LEADER 00492nam a22001577a 4500
020 |a 9780195668049 
082 |a 621.382  |b MEE/T 
100 |a Meenakshy Raman 
100 |a Sangeetha Sharma 
245 |a Technical section 
260 |a New Delhi  |b OUP  |c 2010 
300 |a 599p. 
650 |a Communicaion, Technical 
942 |c BK 
999 |c 43018  |d 43018 
952 |0 0  |1 0  |4 0  |6 621_382000000000000_MEET  |7 0  |8 Stack  |9 46931  |a KUCL  |b KUCL  |c Stack  |d 2016-12-14  |g 275.00  |l 0  |o 621.382 MEE/T  |p G1983  |r 2016-12-14  |w 2016-12-14  |y BK